[Event "HCL-C4097"]
[Site "www.playchess.de"]
[Date "2006.02.11"]
[Round "6"]
[White "jackone"]
[Black "Flab"]
[WhiteElo "1224"]
[BlackElo "1016"]
[PlyCount "29"]
[Result "1-0"]

1.c4 c5 2.Nc3 e5 3.g3 h5 4.Bg2 a5 5.e3 g5 6.Nf3 
Nc6 7.O-O Bh6 8.Nd5 Nf6 9.b3 g4 10.Nh4 d6 11.Bb2 
Ne4 12.Bxe4 Rf8 13.Nf5 Bg5 14.Ng7+ Kd7 {thanks, 
should have seen that one}  15.Bf5+ 1-0

[Event "HCL-C4154"]
[Site "www.playchess.de"]
[Date "2006.02.11"]
[Round "6"]
[White "epenz"]
[Black "Skipper_Robert"]
[WhiteElo "951"]
[BlackElo "999"]
[PlyCount "48"]
[Result "0-1"]

1.e4 e5 2.Nf3 d6 3.Nc3 Be6 4.d3 Nf6 5.Be2 Nc6 
6.O-O Be7 7.a3 d5 8.exd5 Bxd5 9.Be3 h6 10.h3 g5 
11.b4 g4 12.hxg4 Nxg4 13.d4 e4 14.Nd2 Qd6 15.Bxg4 
h5 16.Bxh5 Rxh5 17.Qxh5 O-O-O 18.Qxf7 Bxf7 
19.Ncxe4 Qg6 20.c4 a6 21.g3 Rh8 22.d5 Ne5 23.Bf4 
Qh5 24.Kg2 Qh2+ 0-1

[Event "HCL-A2554"]
[Site "www.playchess.de"]
[Date "2006.02.11"]
[Round "2"]
[White "Zembla"]
[Black "Wernswig"]
[WhiteElo "1471"]
[BlackElo "1416"]
[PlyCount "77"]
[Result "1-0"]

1.Nc3 {Hello & Happy New Year}  e5 {hi, happy new 
year to go too}  2.Nf3 Nc6 3.d4 exd4 4.Nxd4 Bc5 
5.Nf5 Qf6 6.e4 Bxf2+ 7.Kxf2 Nge7 8.Bd3 g6 9.Re1 
gxf5 10.exf5 d6 11.Qh5 Bd7 12.Bg5 Qd4+ 13.Kf1 Ne5 
14.Bxe7 Kxe7 15.Re4 Qc5 16.Rae1 Rag8 17.Bc4 Rg7 
18.f6+ Kxf6 19.Nd5+ Ke6 20.Nxc7+ Ke7 21.R4xe5+ Kd8 
22.Rxc5 dxc5 23.Qxc5 Bc6 24.Qd4+ Kxc7 25.Qxg7 Rd8 
26.Qxf7+ Kb6 27.Re3 Rd7 28.Rb3+ Kc5 29.Qf5+ Kd6 
30.Rd3+ Kc7 31.Rxd7+ Bxd7 32.Qxh7 Kd6 33.h4 Bc6 
34.b4 a6 35.Qg6+ Kc7 36.h5 Kd7 37.h6 Ke7 38.Qe6+ 
Kf8 39.Qf7+ 1-0

[Event "HCL-B3757"]
[Site "www.playchess.de"]
[Date "2006.02.11"]
[Round "20"]
[White "ama49"]
[Black "trebli"]
[WhiteElo "1165"]
[BlackElo "846"]
[PlyCount "113"]
[Result "1-0"]

1.e4 {Good luck}  c5 {Good luck to you too}  2.Nf3 
Nc6 3.d4 d6 4.Bb5 Bd7 5.d5 Nd4 6.Bxd7+ Qxd7 7.Nxd4 
e5 8.dxe6 fxe6 9.Nf3 Nf6 10.Nc3 O-O-O 11.O-O e5 
12.Bg5 Be7 13.h3 b6 14.Qd2 h6 15.Bh4 g5 16.Bg3 g4 
17.hxg4 Nxg4 18.Nh4 Bg5 19.Qd5 Rhf8 20.Qa8+ {gg}  
Kc7 21.Qxa7+ Kc6 22.Qxd7+ Kxd7 23.Nd5 b5 {merry 
christmas}  24.f3 {same for you!!}  Be3+ 25.Bf2 
Bxf2+ 26.Rxf2 Nxf2 27.Kxf2 h5 28.a4 b4 29.b3 Ke6 
{(offering draw)}  30.Nf5 Rf7 31.Rh1 Rh7 32.g4 h4 
33.Rxh4 Rxh4 34.Nxh4 Rh8 {(offering draw)}  35.Kg3 
Kd7 36.Nb6+ Kc6 {(offering draw)}  37.Nc4 {a few 
more moves yet please}  Kd7 {(offering draw)}  
38.a5 Kc7 39.Nf5 Rh1 40.Nfxd6 Rc1 41.Nb5+ Kc6 
{(offering draw)}  42.Nbd6 Rxc2 43.Nf7 Rc3 
44.Nfxe5+ Kb5 {(offering draw)}  45.g5 Rxb3 46.g6 
Rc3 47.g7 Rxc4 48.Nxc4 Kxc4 49.g8Q+ Kc3 50.a6 b3 
51.Qg7+ Kc2 52.Qa1 c4 53.a7 b2 54.Qa4+ Kc1 
55.Qxc4+ Kb1 56.e5 Ka1 57.a8Q+ 1-0

[Event "HCL-E1569"]
[Site "www.playchess.de"]
[Date "2006.02.11"]
[Round "30"]
[White "alldrix"]
[Black "carlosmadeira"]
[WhiteElo "1624"]
[BlackElo "1556"]
[PlyCount "56"]
[Result "0-1"]

1.e4 {oi tudo bem?}  e5 2.Nc3 Nf6 3.Bc4 Bc5 4.Nf3 
Nc6 5.O-O O-O 6.d3 h6 7.Be3 Bxe3 8.fxe3 d6 9.d4 
Bg4 10.Qe1 Bxf3 11.Rxf3 exd4 12.exd4 Nxd4 13.Rf2 
Re8 14.Rd1 Ne6 15.Qf1 Ng4 16.Rf3 Ne5 17.Rg3 Nxc4 
18.Qxc4 c6 19.e5 d5 20.Qg4 Qb6+ 21.Kh1 Qc7 22.Qh5 
Ng5 23.Rf1 Qxe5 24.Rxg5 Qxg5 25.Qxf7+ Kh8 26.Qxb7 
Qf5 27.Kg1 Qxc2 28.Qxc6 d4 0-1

[Event "HCL-C4047"]
[Site "www.playchess.de"]
[Date "2006.02.11"]
[Round "2"]
[White "ama49"]
[Black "xmen"]
[WhiteElo "1190"]
[BlackElo "1378"]
[PlyCount "106"]
[Result "0-1"]

1.e4 {Greetings from Scotland}  g6 2.d4 Bg7 3.Nf3 
d6 4.Nc3 Nf6 5.Bb5+ c6 6.Ba4 O-O 7.O-O b5 8.Bb3 a5 
9.a3 Ba6 10.Re1 Nbd7 11.h3 Ne8 12.e5 dxe5 13.dxe5 
e6 14.Bf4 Nc7 15.Ne2 Nd5 16.Bg3 f6 17.exf6 N7xf6 
18.Nfd4 Qd7 19.c3 c5 20.Nf3 c4 21.Bc2 Rac8 22.Ne5 
Qe7 23.Nd4 Qe8 24.Nef3 Rc6 25.Nxc6 Qxc6 26.Nd4 Qd7 
27.Rxe6 Bb7 28.Rb6 Nxb6 29.b4 a4 30.Be5 Re8 31.Bf4 
Nbd5 32.Qd2 Nxf4 33.Qxf4 Ne4 34.Bxe4 Rxe4 35.Qd2 
Bxd4 36.cxd4 Qxd4 37.Qxd4 Rxd4 38.f3 Kf7 39.Kf2 
Bc8 40.Ke3 Rd3+ 41.Kf2 Ke6 42.Ke2 Ke5 43.h4 Kd4 
44.g4 Kc3 45.h5 Kb2 46.Rh1 g5 47.Rf1 h6 48.f4 
Bxg4+ 49.Kf2 Rf3+ 50.Ke1 Rxf1+ 51.Kxf1 Bxh5 
52.fxg5 hxg5 53.Kg2 c3 0-1

[Event "HCL-B3859"]
[Site "www.playchess.de"]
[Date "2006.02.11"]
[Round "5"]
[White "IRONMAIDEN"]
[Black "djpnola"]
[WhiteElo "1236"]
[BlackElo "1128"]
[PlyCount "91"]
[Result "1-0"]

1.d4 {Hi again!}  d5 {Hello}  2.Nf3 Nc6 3.Nc3 Nf6 
4.Bg5 Bg4 5.h3 Bxf3 6.exf3 e5 7.dxe5 Nxe5 8.Bxf6 
Qxf6 9.Qxd5 Qd6 10.O-O-O Qxd5 11.Rxd5 Bd6 12.Bd3 
O-O-O 13.Bf5+ Kb8 14.Rhd1 Nc4 15.Kb1 g6 16.Bd3 c6 
17.Rd4 Nxb2 18.Rxd6 Rxd6 19.Kxb2 Rhd8 20.Ne4 R6d4 
21.Rb1 Rb4+ 22.Kc1 Rxb1+ 23.Kxb1 b6 24.g4 h5 25.h4 
Re8 26.Kc1 Re6 27.g5 a5 28.Kd2 Kc7 29.Nf6 c5 
30.Bc4 Re5 31.Bxf7 Rf5 32.Bxg6 Rxf3 33.Bxh5 Rxf2+ 
34.Be2 Kd6 35.Ne4+ Ke5 {Ack! This won't last much 
longer.}  36.Nxf2 {yeah, kind of hopeless now}  
Kf5 37.Ke3 b5 38.Bxb5 Kg6 39.Kf4 Kh5 40.Kf5 a4 
41.Bxa4 c4 42.Kf6 c3 43.g6 Kh6 44.g7 Kh7 45.Kf7 
Kh6 46.g8Q 1-0

[Event "HCL-E1554"]
[Site "www.playchess.de"]
[Date "2006.02.11"]
[Round "9"]
[White "chess50"]
[Black "Baldrick"]
[WhiteElo "2155"]
[BlackElo "1700"]
[PlyCount "51"]
[Result "1-0"]

1.e4 Nf6 2.e5 Nd5 3.d4 d6 4.c4 Nb6 5.f4 dxe5 
6.fxe5 Nc6 7.Be3 Bf5 8.Nc3 e6 9.Nf3 Bg4 10.Be2 
Bxf3 11.gxf3 Qh4+ 12.Bf2 Qf4 13.c5 Nd7 14.Ne4 f6 
15.Qb3 O-O-O 16.exf6 Nxf6 17.Qxe6+ Kb8 18.Nxf6 
gxf6 19.Rd1 Nb4 20.Bg3 Qg5 21.O-O h5 22.f4 Qg7 
23.Kh1 h4 24.Be1 Nd5 25.Bf3 Qe7 
26.Bxd5 1-0

[Event "HCL-B3864"]
[Site "www.playchess.de"]
[Date "2006.02.11"]
[Round "9"]
[White "bob19"]
[Black "pirracas"]
[WhiteElo "1421"]
[BlackElo "1727"]
[PlyCount "71"]
[Result "1-0"]

1.d4 Nf6 {Hi from Xalapa Mexico}  2.c4 {Hi from 
Peoria, Illinois}  b6 3.Nc3 Bb7 4.h3 e6 5.a3 Nc6 
6.e3 d5 7.Nf3 Bd6 8.b4 O-O 9.Be2 Ne7 10.c5 bxc5 
11.bxc5 Bxc5 12.dxc5 Nf5 13.O-O Qe7 14.Na4 Bc6 
15.Bd2 Ne4 16.Bd3 Nxd2 17.Nxd2 Bxa4 18.Qxa4 Qxc5 
19.Rfc1 Qd6 20.Rc6 Qd7 21.Bxf5 exf5 22.Rac1 Rfc8 
23.Qf4 Rab8 24.R6xc7 Rxc7 25.Qxc7 Qxc7 26.Rxc7 g6 
27.Rxa7 Rb2 28.Nf3 h6 29.g3 Kg7 30.a4 g5 31.Ne5 
Kf6 32.Nxf7 Kg6 33.Ne5+ Kh5 34.Ra6 d4 35.exd4 Rd2 
36.Nf7 1-0

[Event "HCL-B3750"]
[Site "www.playchess.de"]
[Date "2006.02.11"]
[Round "8"]
[White "bossjos"]
[Black "GCP"]
[WhiteElo "1279"]
[BlackElo "1515"]
[PlyCount "108"]
[Result "0-1"]

1.e4 c6 {hello, have a good game}  2.d4 d5 3.Nd2 
{same to you}  dxe4 4.Nxe4 Nd7 5.Nf3 Ngf6 6.Nxf6+ 
Nxf6 7.h3 e6 8.Bc4 Be7 9.Be3 O-O 10.O-O a6 11.Re1 
b5 12.Bd3 Bb7 13.c3 Rc8 14.Rc1 Nd5 15.Bd2 c5 
16.dxc5 Bxc5 17.Bxh7+ Kh8 18.Ng5 Nf6 19.Bc2 Qd5 
20.Be4 Qd7 21.Bxb7 Rcd8 22.Nf3 Qxb7 23.Qc2 Qd5 
24.Rcd1 Qxa2 25.Rda1 Qd5 26.Rad1 Qc6 27.Bg5 Rxd1 
28.Rxd1 Ne4 29.Bh4 f6 30.Nd4 Bxd4 31.Rxd4 Nd6 
32.Bg3 Nf5 33.Rg4 Nxg3 34.Rxg3 f5 35.Qe2 Qe8 
36.Re3 Rf6 37.Qf3 e5 38.Qb7 e4 39.Rg3 Qf7 40.Qb8+ 
Qf8 41.Qf4 Qd6 42.Qg5 Qd7 43.Qh5+ {(offering 
draw)}  Kg8 44.Re3 Rh6 45.Qg5 Rd6 46.Re2 Rd1+ 
47.Kh2 Qd6+ 48.g3 Qd5 49.Qg6 Kf8 50.Qxa6 e3 
51.Qc8+ Kf7 52.Qc7+ Kg6 53.g4 Qf3 54.Qb6+ 
Kh7 0-1

[Event "HCL-B3858"]
[Site "www.playchess.de"]
[Date "2006.02.11"]
[Round "11"]
[White "djpnola"]
[Black "IRONMAIDEN"]
[WhiteElo "1109"]
[BlackElo "1206"]
[PlyCount "94"]
[Result "0-1"]

1.e4 {hello again.}  e5 {hello again.}  2.Bc4 Bc5 
3.Nf3 d6 4.d4 exd4 5.Nxd4 Nf6 6.Bg5 h6 7.Bxf6 Qxf6 
8.O-O Bxd4 9.c3 Bb6 10.Qh5 O-O 11.Nd2 Nc6 12.Qf3 
Qxf3 13.Nxf3 Ne5 14.Nxe5 dxe5 15.Kh1 Bd7 16.Rad1 
Bc6 17.f3 Rfd8 18.g4 Rde8 19.h4 Rad8 20.Bd5 Bxd5 
21.exd5 e4 22.fxe4 Rxe4 23.Rfe1 Rxg4 24.Kh2 Rxh4+ 
25.Kg3 Rh5 26.Re7 Rdxd5 27.Re8+ Kh7 28.Rxd5 Rxd5 
29.Re7 f6 30.Kf4 Kg6 31.b4 Re5 32.Rd7 h5 33.a4 a5 
34.b5 Rg5 35.Rd3 f5 36.c4 Rg4+ 37.Kf3 Rxc4 38.Ra3 
Bc5 39.Ra2 h4 40.Rg2+ Kf6 41.Rh2 g5 42.Rd2 g4+ 
43.Kg2 f4 44.Rd7 h3+ 45.Kh2 Rc2+ 46.Kh1 g3 47.Rd1 
Rh2+ 0-1

[Event "HCL-A2545"]
[Site "www.playchess.de"]
[Date "2006.02.11"]
[Round "10"]
[White "Smallville2006"]
[Black "pop3dan"]
[WhiteElo "1700"]
[BlackElo "1300"]
[PlyCount "43"]
[Result "1-0"]

1.e4 c5 2.Nf3 d6 3.d4 cxd4 4.Nxd4 Nf6 5.Nc3 e6 
6.g4 h6 7.Bg2 Nc6 8.h3 Bd7 9.Be3 a6 10.f4 Qc7 
11.Qe2 Rc8 12.O-O-O b5 13.a3 Na5 14.Nf3 Nc4 15.Bd4 
Bc6 16.Nd2 Bb7 17.Nxc4 Qxc4 18.Rd3 a5 19.b3 Qc6 
20.Nd5 Be7 21.Rc3 Qd7 22.Nb6 1-0

[Event "HCL-M873"]
[Site "www.playchess.de"]
[Date "2006.02.11"]
[Round "8"]
[White "Ezechiel"]
[Black "AMT"]
[WhiteElo "1786"]
[BlackElo "1914"]
[PlyCount "51"]
[Result "1/2-1/2"]

1.e4 {Hi Natasja, have fun!}  c5 {Hello 
Michael;you too :)}  2.Nf3 d6 3.Bb5+ Bd7 4.Bxd7+ 
Qxd7 5.O-O Nc6 6.c3 Nf6 7.Re1 e6 8.d4 cxd4 9.cxd4 
d5 10.e5 Ne4 11.Nc3 Nxc3 12.bxc3 Be7 13.a4 O-O 
14.Ba3 Bxa3 15.Rxa3 Na5 16.Qd3 {(offering draw)}  
Qe7 {Let's wait and play more moves}  17.Ra2 Rac8 
18.Nd2 Qg5 19.Re3 Rc7 20.Rg3 Qf4 21.Rh3 h6 22.Rf3 
Qh4 23.Rh3 Qg5 24.Rg3 Qf4 25.Rf3 Qh4 26.Rh3 
{(offering draw)}  1/2-1/2

[Event "HCL-B3821"]
[Site "www.playchess.de"]
[Date "2006.02.11"]
[Round "16"]
[White "IRONMAIDEN"]
[Black "scotty4u"]
[WhiteElo "1382"]
[BlackElo "1336"]
[PlyCount "67"]
[Result "0-1"]

1.e4 c5 2.Nc3 e6 3.d3 Nc6 4.Nf3 d5 5.exd5 exd5 
6.Bf4 Nf6 7.Qe2+ Be7 8.O-O-O O-O 9.h3 h6 10.Kb1 b6 
11.Qd2 Nh7 12.g4 a6 13.Bg2 Be6 14.Rde1 b5 15.Ne5 
Nxe5 16.Bxe5 Bf6 17.Bxf6 Nxf6 18.f4 b4 19.Ne2 a5 
20.Bf3 Nd7 21.Ng3 f6 22.f5 Bf7 23.Nh5 a4 24.h4 Ra7 
25.d4 Qa5 26.Re3 c4 27.c3 Rb7 28.Nf4 Rfb8 29.Rh2 
a3 30.Rhe2 axb2 31.Ne6 Ra7 32.Qxb2 bxc3 33.Qxb8+ 
Nxb8 34.Rxc3 0-1

[Event "HCL-C4132"]
[Site "www.playchess.de"]
[Date "2006.02.11"]
[Round "9"]
[White "aussie"]
[Black "axagom"]
[WhiteElo "1099"]
[BlackElo "800"]
[PlyCount "42"]
[Result "0-1"]

1.Nf3 Nf6 {hi aussie! have a good game}  2.d4 
{greetings from New Jersey.}  d5 3.Nc3 Nc6 4.Bg5 
Ne4 5.Nxe4 dxe4 6.Ne5 Nxd4 7.e3 Ne6 8.Bb5+ c6 
9.Qxd8+ Nxd8 10.Bc4 f6 11.Bxf6 exf6 12.Nxc6 Nxc6 
13.O-O-O Bg4 14.Rd2 Rd8 15.h3 Rxd2 16.Kxd2 Bh5 
17.c3 Bf7 18.Bb5 Bc5 19.b3 O-O 20.Bxc6 bxc6 21.Kc2 
Rd8 0-1

[Event "HCL-C4035"]
[Site "www.playchess.de"]
[Date "2006.02.11"]
[Round "13"]
[White "aussie"]
[Black "donsimon"]
[WhiteElo "1080"]
[BlackElo "1037"]
[PlyCount "117"]
[Result "1-0"]

1.e4 e5 2.Nc3 Nf6 3.d4 exd4 4.Qxd4 Nc6 5.Qd1 g6 
6.b3 Bg7 7.Bb2 O-O 8.Bc4 d6 9.Nf3 Ng4 10.O-O Qf6 
11.Rb1 Qf4 12.Bc1 Qf6 13.Bb2 Nge5 14.Nd5 Qd8 
15.Nxe5 Bxe5 16.Qd2 Bxb2 17.Rxb2 Ne5 18.Be2 c6 
19.Nc3 b5 20.h3 b4 21.Nd1 c5 22.f4 Nc6 23.Qd5 Qb6 
24.Bc4 Qc7 25.Qg5 Bb7 26.Ne3 Nd4 27.Nd5 Bxd5 
28.Bxd5 Rae8 29.Re1 Qa5 30.f5 Qd8 31.Qg4 Qf6 
32.Qd1 Nxf5 33.Rb1 Nd4 34.Rf1 Qg5 35.Qg4 Qxg4 
36.hxg4 Ne2+ 37.Kh2 Nc3 38.Rba1 Nxe4 39.Rae1 Nd2 
40.Bxf7+ Kg7 41.Bxe8 Nxf1+ 42.Kg1 a5 43.Bb5 Ng3 
44.Bc4 Kh6 45.Re3 Rf1+ 46.Bxf1 Nxf1 47.Kxf1 Kg5 
48.Rd3 Kxg4 49.Rxd6 Kf4 50.Rc6 Ke4 51.Rxc5 Kd4 
52.Rxa5 Kc3 53.Rb5 Kxc2 54.Rxb4 Kb2 55.a4 Ka3 
56.Rb7 h5 57.a5 g5 58.a6 h4 59.a7 1-0

[Event "HCL-M863"]
[Site "www.playchess.de"]
[Date "2006.02.11"]
[Round "7"]
[White "Duke01"]
[Black "Hassell"]
[WhiteElo "1680"]
[BlackElo "2229"]
[PlyCount "48"]
[Result "0-1"]

1.e4 e5 2.Nf3 Nc6 3.Bb5 f5 4.exf5 e4 5.Qe2 Qe7 
6.Bxc6 dxc6 7.Nd4 Qe5 8.c3 Nf6 9.g4 Bd6 10.Na3 
Bxa3 11.bxa3 h5 12.g5 Nd5 13.f3 c5 14.Nb5 Bxf5 
15.fxe4 Qxe4 16.Qxe4+ Bxe4 17.O-O Bd3 18.Re1+ Kd7 
19.Bb2 Bxb5 20.Re5 Nf4 21.Rxc5 Bd3 22.Re1 Rhe8 
23.Rxe8 Rxe8 24.c4 Re2 0-1

[Event "HCL-A2590"]
[Site "www.playchess.de"]
[Date "2006.02.11"]
[Round "15"]
[White "hal1958"]
[Black "lunchpail"]
[WhiteElo "1421"]
[BlackElo "1396"]
[PlyCount "86"]
[Result "0-1"]

1.b4 {have a nice game}  e5 {u2}  2.Bb2 d6 3.e3 
Nf6 4.Nf3 Be7 5.c4 O-O 6.Be2 Be6 7.O-O Ne8 8.a3 f5 
9.d3 Kh8 10.Nbd2 Nf6 11.Ng5 Bg8 12.Nb3 h6 13.Nf3 
Nbd7 14.Nfd2 Nh7 15.Bf3 c6 16.a4 Ndf6 17.b5 Rb8 
18.g3 Ng5 19.Bg2 Be6 20.Nf3 Nfh7 21.Nbd2 Qc8 22.h4 
Nxf3+ 23.Nxf3 c5 24.a5 e4 25.Nh2 Bf6 26.Bxf6 Nxf6 
27.Qc2 exd3 28.Qxd3 Ne4 29.Bxe4 fxe4 30.Qxe4 Bf5 
31.Qd5 Be6 32.Qd3 Rd8 33.Rfd1 Qc7 34.Qc3 Qe7 
35.Nf1 Rd7 36.Rd2 Rbd8 37.Rad1 d5 38.cxd5 R7xd5 
39.R2xd5 Rxd5 40.Rxd5 Bxd5 41.Nd2 b6 42.axb6 axb6 
43.Nc4 Qe4 0-1

[Event "HCL-B3729"]
[Site "www.playchess.de"]
[Date "2006.02.11"]
[Round "2"]
[White "brad2148916"]
[Black "quant"]
[WhiteElo "1200"]
[BlackElo "1456"]
[PlyCount "48"]
[Result "0-1"]

1.e4 e5 2.Qf3 Nf6 3.g3 {hi}  Bc5 4.Bg2 Nc6 5.Ne2 
d6 6.O-O Bg4 7.Qb3 Bxe2 8.Re1 Ba6 9.Nc3 O-O 10.Nd5 
Nd4 11.Qe3 Nxc2 12.Qg5 Nxd5 13.Qg4 Nf6 14.Qh4 Nxe1 
15.d3 Bxd3 16.Bg5 Nxg2 17.Kxg2 Bxe4+ 18.Kg1 Bf3 
19.Bxf6 Qxf6 20.Qxf6 gxf6 21.Rc1 a5 22.a3 b5 
23.Rc3 {(offering draw)}  Bd5 {:)}  24.b4 
axb4 0-1

[Event "HCL-C4131"]
[Site "www.playchess.de"]
[Date "2006.02.11"]
[Round "10"]
[White "Sinned"]
[Black "aussie"]
[WhiteElo "400"]
[BlackElo "1099"]
[PlyCount "44"]
[Result "0-1"]

1.Nf3 d5 2.Nc3 Nc6 3.e3 e5 4.d3 Bb4 5.Nxe5 Nxe5 
6.Qh5 Qd6 7.Be2 Nf6 8.Qg5 O-O 9.e4 d4 10.Bd2 dxc3 
11.bxc3 Ba5 12.Rb1 c6 13.d4 Nxe4 14.Bf4 Nxg5 
15.Bxg5 Bxc3+ 16.Bd2 Bxd2+ 17.Kxd2 Qxd4+ 18.Kc1 
Qf4+ 19.Kb2 Nc4+ 20.Kc3 b5 21.Rb4 Qe5+ 22.Kd3 
Bf5+ 0-1

[Event "HCL-T261"]
[Site "www.playchess.de"]
[Date "2006.02.11"]
[Round "2"]
[White "Ezechiel"]
[Black "sparpaket"]
[WhiteElo "1765"]
[BlackElo "1560"]
[PlyCount "35"]
[Result "1-0"]

1.e4 c5 2.Nf3 d6 3.d4 cxd4 4.Nxd4 Nf6 5.Nc3 g6 
6.Bg5 Bg7 7.Bb5+ Bd7 8.Bxd7+ Nbxd7 9.O-O O-O 
10.Qd2 a6 11.Rad1 Qc7 12.Bh6 b5 13.Bxg7 Kxg7 
14.Nd5 Nxd5 15.exd5 Nb6 16.Rfe1 Nc4 17.Qc3 Qb6 
18.Ne6+ 1-0

[Event "HCL-A2572"]
[Site "www.playchess.de"]
[Date "2006.02.11"]
[Round "4"]
[White "pawnstorm"]
[Black "gridguy"]
[WhiteElo "1521"]
[BlackElo "1743"]
[PlyCount "50"]
[Result "0-1"]

1.f4 Nf6 2.Nf3 d5 3.e3 g6 4.Be2 Bg7 5.O-O c5 6.d3 
O-O 7.Nc3 Nc6 8.e4 dxe4 9.Nxe4 b6 10.c3 Bf5 11.Qc2 
Qc7 12.Be3 Nd5 13.Bd2 Bxe4 14.dxe4 Nxf4 15.Bd1 Ne6 
16.Be3 Ne5 17.Nxe5 Qxe5 18.Bf3 Rad8 19.Qa4 a5 
20.g3 f5 21.Rae1 f4 22.Bf2 Ng5 23.Bh1 Nh3+ 24.Kg2 
f3+ 25.Kxh3 Qh5+ 0-1

[Event "HCL-B3887"]
[Site "www.playchess.de"]
[Date "2006.02.11"]
[Round "10"]
[White "mib"]
[Black "Ulpe"]
[WhiteElo "919"]
[BlackElo "1604"]
[PlyCount "64"]
[Result "0-1"]

1.e4 c5 2.Qf3 Nc6 3.Bc4 Nf6 4.c3 Ne5 5.Qe2 Nxc4 
6.Qxc4 d5 7.Qxc5 dxe4 8.Ne2 b6 9.Qc6+ Bd7 10.Qc4 
Rc8 11.Qb3 e5 12.d4 exd3 13.Ng3 Bc6 14.O-O Qd5 
15.Qxd5 Bxd5 16.Bg5 h5 17.Bxf6 gxf6 18.Nd2 h4 
19.Nf5 Be6 20.Ne3 f5 21.b4 Rxc3 22.a3 f4 23.Nd1 
Rc2 24.Nf3 e4 25.Nd4 Bg7 26.Rb1 Bxd4 27.Kh1 h3 
28.g3 e3 29.fxe3 Bd5+ 30.Kg1 Rg2+ 31.Kh1 Rxg3+ 
32.Rf3 Bxf3+ 0-1

[Event "HCL-E1568"]
[Site "www.playchess.de"]
[Date "2006.02.11"]
[Round "8"]
[White "XANDERKIRV"]
[Black "Chuck_Ventimiglia"]
[WhiteElo "1464"]
[BlackElo "2000"]
[PlyCount "60"]
[Result "0-1"]

1.e4 c5 2.Nf3 d6 3.d4 cxd4 4.Nxd4 Nf6 5.Nc3 a6 
6.f3 e5 7.Nb3 Be6 8.Be3 Be7 9.Qd2 O-O 10.O-O-O Qc7 
11.Kb1 Rc8 12.g4 Nbd7 {How is this site in your 
opinion?  Is it worthwhile buying a membership?  I 
know you are a premium member so the question may 
sound ridiculous but  would like your opinion.}  
13.h4 {The site is very reliable and well run.I'm 
a fairly average player and there are certainly 
stronger players competing here.I play many games 
here and have found it worth the cost of 
membership.}  Bxb3 {Thanks!! I will see how it 
goes for a while. I am retired for about 10 years 
now. I am active in the US Chess Federation and a 
player and TD with the ICCF, maybe you play there? 
I am a lifetime member of Gameknot and an 8 year 
member of 
the IECG.}  14.cxb3 {I used to play on ICC and 
have just joined Gameknot(never heard of it before 
you mentioned it!).Hope i can give you a decent 
game.}  d5 {I have already made several opening 
errors. :-(  I play in ICCF.  In the ICCF you pay 
from $10-$30 per match. 
:-) The US Chess Federation and the ICCF give 
recognized international correspondence ratings. 
That's the only reason I spend my $$ there.}  
15.exd5 {How long is the time limit between moves 
in correspondence matches and do you notify moves 
by e-mail?}  Ne8 16.h5 Bb4 {I sent you an email!!} 
 17.Rc1 {Got it! Thanks for the reply.}  Qd6 {If 
you do not make a mistake soon I will lose this 
game.  :-)}  18.g5 {There is every chance of a 
mistake as my rating can testify!}  a5 {You are 
better than what you may think.}  19.Bd3 a4 20.Qd1 
Bxc3 21.bxc3 axb3 22.Qxb3 Nc5 23.Bxc5 Rxc5 24.Be4 
Nc7 25.c4 b5 26.Qd3 bxc4 27.Rxc4 Rb8+ 28.Ka1 Qb6 
29.Rh2 Rxc4 30.Qxc4 Qg1+ 0-1

[Event "HCL-B3866"]
[Site "www.playchess.de"]
[Date "2006.02.11"]
[Round "6"]
[White "morten"]
[Black "Ebaw"]
[WhiteElo "1303"]
[BlackElo "1351"]
[PlyCount "44"]
[Result "0-1"]

1.e4 d5 2.exd5 Qxd5 3.Nc3 Qa5 4.Bc4 Bf5 5.Nf3 e6 
6.d3 c6 7.Bd2 Nf6 8.a3 Nbd7 9.Bf4 Be7 10.b4 Qd8 
11.h3 Nb6 12.Bb3 Bd6 13.Ne2 Nbd5 14.c4 Nxf4 15.O-O 
Qc7 16.Bc2 O-O 17.c5 Be5 18.Nxe5 Qxe5 19.d4 Qxe2 
20.Bb3 Qxd1 21.Rfxd1 Rad8 22.Ra2 
N6d5 0-1

[Event "HCL-A2585"]
[Site "www.playchess.de"]
[Date "2006.02.11"]
[Round "1"]
[White "wbaldan"]
[Black "victorabiodun03"]
[WhiteElo "1388"]
[BlackElo "1357"]
[PlyCount "71"]
[Result "1/2-1/2"]

1.d4 Nf6 2.c4 g6 3.Nc3 Bg7 4.e4 d6 5.Bg5 Nbd7 
6.Qc2 c5 7.d5 Qa5 8.Bd2 Qc7 9.Nf3 a6 10.Be2 O-O 
11.h4 h5 12.O-O-O Ng4 13.Rdf1 b5 14.Ng5 Nge5 15.b3 
bxc4 16.bxc4 Rb8 17.f4 Ng4 18.Bxg4 hxg4 19.Na4 Nf6 
20.f5 Nh5 21.fxg6 fxg6 22.Rxf8+ Bxf8 23.Bc3 Bh6 
24.Rf1 Bxg5+ 25.hxg5 e5 26.Qf2 Nf4 27.Kc2 Qe7 
28.g3 Nh5 29.Ba5 Bd7 30.Nb2 Rf8 31.Qxf8+ Qxf8 
32.Rxf8+ Kxf8 33.Be1 Ke8 34.Kb3 Kd8 35.Na4 Bxa4+ 
36.Kxa4 {(offering draw)}  1/2-1/2

[Event "HCL-B3799"]
[Site "www.playchess.de"]
[Date "2006.02.11"]
[Round "3"]
[White "MasterStefan"]
[Black "gronico"]
[WhiteElo "1241"]
[BlackElo "1121"]
[PlyCount "84"]
[Result "1/2-1/2"]

1.e4 {hi, have a nice game}  g6 {hi ! U2...}  2.d4 
Bg7 3.Nf3 d6 4.d5 c6 5.dxc6 bxc6 6.Bc4 e6 7.O-O 
Nf6 8.Bg5 O-O 9.Nc3 Qb6 10.Rb1 Nbd7 11.Qxd6 h6 
12.Bxf6 Bxf6 13.Rfd1 Bxc3 14.bxc3 Qd8 15.Qxc6 Rb8 
16.Rxb8 Nxb8 17.Rxd8 Nxc6 18.Rxf8+ Kxf8 19.h3 Na5 
20.Bb3 Ke7 21.g3 Ba6 22.h4 Be2 23.Nd4 Bc4 24.Bxc4 
Nxc4 25.Nc6+ Kd6 26.Nxa7 Kc5 27.Kg2 Na3 28.Kf3 
Nxc2 29.Ke2 Kc4 30.Kd2 Na3 31.Nc6 Kc5 32.Nd8 Nb5 
33.Nxf7 Kc4 34.Nxh6 Nxc3 35.Ng4 Nxa2 36.Ne5+ Kd4 
37.Nxg6 Kxe4 38.h5 Kf5 39.g4+ Kf6 40.f4 Nb4 41.f5 
exf5 42.gxf5 Kxf5 {(offering draw)} 
 1/2-1/2

[Event "HCL-C3994"]
[Site "www.playchess.de"]
[Date "2006.02.11"]
[Round "13"]
[White "jayr015"]
[Black "Bumble"]
[WhiteElo "760"]
[BlackElo "1201"]
[PlyCount "40"]
[Result "0-1"]

1.e4 {Good Luck!}  e5 2.Nc3 b6 3.d3 Nc6 4.Nf3 Nf6 
5.Be2 Bb7 6.O-O Ng4 7.Be3 Qf6 8.Nd5 Qg6 9.Nxc7+ 
Kd8 10.Nxa8 Bxa8 11.Nh4 Qh5 12.g3 g5 13.Bxg4 Qh6 
14.Nf3 Be7 15.h4 gxh4 16.Bxh6 Rg8 17.Nh2 Bb7 
18.Nf3 Rxg4 19.Nh2 Rg6 20.Qh5 Nb4 0-1

[Event "HCL-B3835"]
[Site "www.playchess.de"]
[Date "2006.02.11"]
[Round "11"]
[White "christianxxl"]
[Black "GMO"]
[WhiteElo "1442"]
[BlackElo "1337"]
[PlyCount "40"]
[Result "0-1"]

1.e4 e5 2.f4 exf4 3.Nf3 d6 4.d3 Nf6 5.Bxf4 Be7 
6.Nbd2 O-O 7.h4 Nc6 8.h5 h6 9.Qe2 Bg4 10.Nb3 Bxh5 
11.O-O-O Nb4 12.a3 Nc6 13.Re1 Bxf3 14.Qxf3 a5 
15.Bxh6 Ne5 16.Qh3 Nfg4 17.Bxg7 Kxg7 18.Qh7+ Kf6 
19.Rh6+ Nxh6 20.Qxh6+ Ng6 0-1

[Event "HCL-M840"]
[Site "www.playchess.de"]
[Date "2006.02.11"]
[Round "19"]
[White "CaballoVerde"]
[Black "Bauarbeiter"]
[WhiteElo "1777"]
[BlackElo "1874"]
[PlyCount "134"]
[Result "0-1"]

1.Nf3 {Hello again, Baurbeiter.}  d5 {Hi. Nice to 
meet you again. Good luck.}  2.g3 {Good luck.}  
Nf6 3.Bg2 Bg4 4.d4 e6 5.c4 Bb4+ 6.Bd2 Bxd2+ 
7.Nbxd2 O-O 8.O-O Nbd7 9.Ne5 Nxe5 10.dxe5 Nd7 
11.h3 Bf5 12.f4 c6 13.b3 dxc4 14.Nxc4 h6 15.Qd6 
Nb6 16.Qxd8 Rfxd8 17.Na5 Rab8 18.g4 Bg6 19.Bxc6 
bxc6 20.Nxc6 Be4 21.Nxb8 Rxb8 22.h4 Nd5 23.g5 hxg5 
24.hxg5 Kh7 25.Kh2 Kg6 26.Kg3 Ne3 27.Rfg1 Nf5+ 
28.Kf2 Rh8 29.Rad1 Rh4 30.Rd7 Rxf4+ 31.Ke1 Bd5 
32.Rxa7 Re4 33.Kd2 Rxe5 34.Re1 Ng3 35.Rc7 Ne4+ 
36.Kd3 {Happy new year.}  Nxg5 37.Rg1 f5 38.e3 Kf6 
39.Rc8 Be4+ 40.Kc3 Rd5 41.Rf8+ Nf7 42.Kb4 g5 
43.Rc1 Rd7 44.a4 Rb7+ 45.Ka3 f4 46.exf4 gxf4 47.a5 
f3 48.Rf1 Ke7 49.Rc8 e5 50.Rc3 Ng5 51.Re3 Kd6 
52.Rxe4 Nxe4 53.Rxf3 Kc5 54.Re3 Kd4 55.Rh3 Nd2 
56.b4 Nb1+ 57.Kb3 Nd2+ 58.Kc2 Ne4 59.a6 Rxb4 
60.Rd3+ Kc5 61.Ra3 Rb8 62.a7 Ra8 63.Re3 Kd5 
64.Rd3+ Ke6 65.Ra3 Nd6 66.Ra6 e4 67.Kd2 
Ke5 0-1

[Event "HCL-E1551"]
[Site "www.playchess.de"]
[Date "2006.02.11"]
[Round "5"]
[White "Nobleman"]
[Black "Eishockeytorwart"]
[WhiteElo "1251"]
[BlackElo "1949"]
[PlyCount "54"]
[Result "0-1"]

1.e4 e5 {welcome from germany}  2.Nf3 Nc6 3.Bb5 a6 
4.Bxc6 dxc6 5.O-O Bg4 6.d3 Bd6 7.Nc3 Qf6 8.h3 Bxf3 
9.Qxf3 Qxf3 10.gxf3 O-O-O 11.Kh2 h6 12.Rg1 g5 
13.a3 Ne7 14.b4 Ng6 15.Na4 Nh4 16.Rg3 f5 17.exf5 
Nxf5 18.Rg1 Nd4 19.Kg2 Nxc2 20.Ra2 Nd4 21.Be3 Nf5 
22.Bc1 Nh4+ 23.Kg3 Rdf8 24.Be3 e4+ 25.f4 Rxf4 
26.Bxf4 Bxf4+ 27.Kg4 h5+ 0-1